| 000 | 01199 a2200277 4500 | ||
|---|---|---|---|
| 003 | OSt | ||
| 005 | 20180116192333.0 | ||
| 008 | 120210t xxu||||| |||| 00| 0 eng d | ||
| 010 | _a 00303539 | ||
| 020 | _a0750641347 | ||
| 040 | _c0 | ||
| 082 | _a720.47 | ||
| 100 | 1 | _aEdwards, Brian, | |
| 245 | 1 | 0 |
_aSustainable architecture : _bEuropean directives and building design / _cBrian Edwards. |
| 250 | _a2nd ed. | ||
| 260 |
_aOxford ; _aBoston : _bArchitectural Press, _c1999. |
||
| 300 |
_axviii, 277 p. : _bill. ; _c28 cm. |
||
| 500 | _aRev. ed. of: Towards sustainable architecture. c1996. | ||
| 505 | _aPart 1. Perspectives on the environment Part 2. Construction products and professional services Part 3. Energy and pollution Part 4. Water conservation Part 5. Environmental impact Part 6. Recycling Part 7. Ecology Part 8. Sustainable development Part 9. Future of design | ||
| 650 | 0 |
_aSustainable architecture _zEurope. |
|
| 650 | 0 |
_aArchitecture _xEnvironmental aspects _zEurope. |
|
| 650 | 0 |
_aEnvironmental impact analysis _zEurope. |
|
| 700 | 1 |
_aEdwards, Brian, _d1944- |
|
| 942 |
_aSADA _cBK _k720.47 EDW 1999 _2ddc |
||
| 999 |
_c352389 _d352389 |
||